000 00536nam a2200181Ia 4500
005 20250508161023.0
008 008 250505s9999 xx 000 0 eng d
037 _aTextual
040 _aFEDL
_beng
_cFEDL
041 _aeng
_2eng
084 _a371.1, ARO
_qFEDL
100 _aArora Kamla
_9522851
245 0 _aDifferences between effective and ineffective teachers
260 _aNew Delhi, India
_bS. Chand and Company Limited
_c1978
300 _ax,175p.
942 _cTEXL
_h371.1, ARO
999 _c1367972
_d1367972